Оптические измерения (12.03.02): электронный курс

Sonraí bibleagrafaíochta
Príomhchruthaitheoir: Степанов С. А. Сергей Александрович
Údar corparáideach: Национальный исследовательский Томский политехнический университет Инженерная школа новых производственных технологий Отделение материаловедения (570)
Achoimre:Заглавие с экрана
Курс предназначен для изучения общих принципов проведения экспериментальных исследований и измерений, обработке и представлению полученных данных с учетом специфики оптических измерений. Особое внимание уделяется рассмотрению производственной и технологической деятельности в области оптотехники. Полученные в результате изучения дисциплины знания и умения необходимы при внедрении технологических процессов производства, метрологического обеспечения и контроля качества изделий оптических, оптико-электронных систем, приборов, деталей, элементов и оптических покрытий различного назначения.
Интерактивный мультимедиа ресурс
AM_Login_TPU
Teanga:Rúisis
Foilsithe / Cruthaithe: Томск, TPU Moodle, 2024
Ábhair:
Rochtain ar líne:https://design.lms.tpu.ru/course/view.php?id=5114
Formáid: MixedMaterials Leictreonach LEABHAR
KOHA link:https://koha.lib.tpu.ru/cgi-bin/koha/opac-detail.pl?biblionumber=675260

MARC

LEADER 00000nlm0a2200000 4500
001 675260
005 20241010094109.0
090 |a 675260 
100 |a 20241008d2024 m||y0rusy50 ca 
101 0 |a rus 
102 |a RU 
105 |a a j 000yy 
135 |a jrcn ---uucaa 
181 0 |a i   |b  e  
182 0 |a b 
183 0 |a cr  |2 RDAcarrier 
200 1 |a Оптические измерения (12.03.02)  |e электронный курс  |f С. А. Степанов  |g Национальный исследовательский Томский политехнический университет, Отделение материаловедения 
203 |a Текст  |c электронный  |b визуальный 
210 |a Томск  |c TPU Moodle  |d 2024 
283 |a online_resource  |2 RDAcarrier 
300 |a Заглавие с экрана 
330 |a Курс предназначен для изучения общих принципов проведения экспериментальных исследований и измерений, обработке и представлению полученных данных с учетом специфики оптических измерений. Особое внимание уделяется рассмотрению производственной и технологической деятельности в области оптотехники. Полученные в результате изучения дисциплины знания и умения необходимы при внедрении технологических процессов производства, метрологического обеспечения и контроля качества изделий оптических, оптико-электронных систем, приборов, деталей, элементов и оптических покрытий различного назначения. 
336 |a Интерактивный мультимедиа ресурс 
371 |a AM_Login_TPU 
606 1 |a Оптические измерения  |9 84538 
610 1 |a электронный ресурс 
610 1 |a труды учёных ТПУ 
610 1 |a электронное обучение 
610 1 |a кампусные онлайн-курсы 
610 1 |a дистанционное образование 
610 1 |a дистанционное обучение 
610 1 |a e-learning 
610 1 |a Moodle 
610 1 |a метрология 
610 1 |a оптические измерения 
610 1 |a фотометрические измерения 
610 1 |a методы оптических измерений 
610 1 |a приборы оптических измерений 
675 |a 535(075.8)  |v 4 
700 1 |a Степанов  |b С. А.  |c специалист в области светотехники  |c инженер Томского политехнического университета  |f 1986-  |g Сергей Александрович  |9 14555 
712 0 2 |a Национальный исследовательский Томский политехнический университет  |b Инженерная школа новых производственных технологий  |b Отделение материаловедения  |9 28324  |4 570 
801 0 |a RU  |b 63413507  |c 20241008  |g RCR 
850 |a 63413507 
856 4 |u https://design.lms.tpu.ru/course/view.php?id=5114  |z https://design.lms.tpu.ru/course/view.php?id=5114 
942 |c CF